000 00186 a2200097 4500
020 _a9781435826656
041 _aspa
100 _aObregon,Jose Maria
245 _aRonaldinho
942 _cBK
999 _c13919
_d13919